000 00376nam a2200133Ia 4500
008 220217s9999 xx 000 0 und d
245 0 _aSpecification for moulded solid rubber soles and heels
260 _aNew Delhi
260 _c1970
_bISI
490 _aFootwear Sectional Committee, CDC 40
500 _aStandard number: IS 5676
650 _aRubber footwear
942 _cST
999 _c73864
_d73864